[Event "CAN-ch (Women)"]
[Site "Toronto"]
[Date "2025.04.18"]
[Round "2"]
[White "Mills, Morgon"]
[Black "Yancey, Alice"]
[Result "1-0"]
[WhiteElo "2013"]
[BlackElo "1690"]
[PlyCount "113"]
[EventDate "2025.04.17"]
[EventType "swiss"]
[EventRounds "9"]
[EventCountry "CAN"]
[SourceTitle "CB18_2025"]
[SourceDate "2025.04.30"]
[SourceVersion "1"]
[SourceVersionDate "2025.04.30"]
[SourceQuality "1"]

1. e4 c5 2. Nf3 e6 3. d4 cxd4 4. Nxd4 Nc6 5. Nxc6 bxc6 6. Bd3 d5 7. 0-0 Nf6 8. Nd2 Be7 9. Qe2 0-0 10. b3 a5 11. a4 Qb6 12. Bb2 Ba6 13. Bxa6 Qxa6 14. Qxa6 Rxa6 15. Rad1 Rd8 16. e5 Nd7 17. Rfe1 Rc8 18. Kf1 c5 19. Ba3 Kf8 20. f4 Nb6 21. Ke2 c4 22. Bxe7+ Kxe7 23. Nf3 cxb3 24. cxb3 Rc2+ 25. Rd2 Rxd2+ 26. Kxd2 Nd7 27. Rc1 f6 28. Rc8 fxe5 29. Nxe5 Nxe5 30. fxe5 Ra7 31. Rb8 Kf7 32. Rb6 Re7 33. Ke3 Kg6 34. Kd4 Kf5 35. Rb8 Rc7 36. Rf8+ Kg6 37. Re8 Rc6 38. Re7 Rc2 39. Rxe6+ Kf7 40. Ra6 Rd2+ 41. Kc5 d4 42. Kd6 Re2 43. Ra7+ Kg6 44. Rxa5 d3 45. Rd5 d2 46. b4 Kf7 47. b5 Rxg2 48. b6 Rxh2 49. a5 h5 50. b7 d1Q 51. Rxd1 Rb2 52. a6 h4 53. a7 Rxb7 54. a8Q Rb6+ 55. Kc5 Re6 56. Rd7+ Kg6 57. Qg2+ 1-0